<The> case for debt-forgiveness for Latin America and the Caribean countries

Prevod zahraničných prostriedkov do krajín latinskej Ameriky a Karibskej oblasti v 80. rokoch a jeho negatívne dôsledky. Odpustenie dlhu by malo pozitívny dopad aj na veriteľské krajiny a inštitúcie. Prehľad zadlženosti jednotlivých krajín. Analýza prevodu prostriedkov a ich použitia vládami. Rozbor...

Descrizione completa

Salvato in:
Dettagli Bibliografici
Autore principale: Garg, R.C
Natura: Capitolo di libro
Lingua:inglese
Soggetti:
Tags: Aggiungi Tag
Nessun Tag, puoi essere il primo ad aggiungerne!!

MARC

LEADER 00000naa a2200000 4500
001 r014271
005 20221205080036.6
041 0 |a eng 
044 |a DE 
245 1 0 |a <The> case for debt-forgiveness for Latin America and the Caribean countries  |c R.C. Garg 
520 |a Prevod zahraničných prostriedkov do krajín latinskej Ameriky a Karibskej oblasti v 80. rokoch a jeho negatívne dôsledky. Odpustenie dlhu by malo pozitívny dopad aj na veriteľské krajiny a inštitúcie. Prehľad zadlženosti jednotlivých krajín. Analýza prevodu prostriedkov a ich použitia vládami. Rozbor nákladov na odpustenie dlhov a jeho prínosov. 
610 2 0 |a zadlženosť zahraničná 
610 2 0 |a Latinská Amerika 
610 2 0 |a Karibská oblasť 
610 2 0 |a 1980-1990 
610 2 0 |a pomoc finančná 
610 2 0 |a údaje štatistické 
100 1 |a Garg, R.C.